| Tag |
First Indicator |
Second Indicator |
Subfields |
| LEADER |
00000cam a2200000 a 4500 |
| 001 |
in00001234919 |
| 005 |
20151003060913.0 |
| 008 |
940301s1994 enk b 001 0beng |
| 010 |
|
|
|a 94008784
|
| 020 |
|
|
|a 0631167994 (alk. paper)
|
| 035 |
|
|
|a (OCoLC)30036460
|
| 035 |
|
|
|9 AGS2879AM
|
| 040 |
|
|
|a DLC
|c DLC
|d TXA
|d UtOrBLW
|
| 043 |
|
|
|a e-uk-en
|
| 049 |
|
|
|a TXAM
|
| 050 |
0 |
0 |
|a PR2729.N7
|b Z68 1994
|
| 082 |
0 |
0 |
|a 942.05/5/092
|a B
|2 20
|
| 100 |
1 |
|
|a Graves, Michael A. R.
|
| 245 |
1 |
0 |
|a Thomas Norton :
|b the Parliament man /
|c Michael A.R. Graves.
|
| 264 |
|
1 |
|a Oxford, UK ;
|a Cambridge, Mass. :
|b Blackwell,
|c 1994.
|
| 300 |
|
|
|a xi, 420 pages ;
|c 24 cm.
|
| 336 |
|
|
|a text
|b txt
|2 rdacontent
|
| 337 |
|
|
|a unmediated
|b n
|2 rdamedia
|
| 338 |
|
|
|a volume
|b nc
|2 rdacarrier
|
| 504 |
|
|
|a Includes bibliographical references and index.
|
| 600 |
1 |
0 |
|a Norton, Thomas,
|d 1532-1584.
|
| 651 |
|
0 |
|a Great Britain
|x History
|y Elizabeth, 1558-1603
|v Biography.
|
| 650 |
|
0 |
|a Authors, English
|y Early modern, 1500-1700
|v Biography.
|
| 650 |
|
0 |
|a Legislators
|z Great Britain
|v Biography.
|
| 650 |
|
0 |
|a Protestants
|z England
|x Biography.
|
| 999 |
|
|
|a MARS
|
| 999 |
f |
f |
|s 90a6f143-71a7-3581-997f-027de4388f2e
|i 32c09fc2-aabd-3df7-a6f8-a3133270ec1c
|t 0
|
| 952 |
f |
f |
|p normal
|a Texas A&M University
|b College Station
|c Sterling C. Evans Library
|d Evans: Library Stacks
|t 0
|e PR2729.N7 Z68 1994
|h Library of Congress classification
|i unmediated -- volume
|m A14819316473
|
| 998 |
f |
f |
|a PR2729.N7 Z68 1994
|t 0
|l Evans: Library Stacks
|